000 00430nam a2200181Ia 4500
001 19749
005 20260306172715.0
008 260306t2007||||xx |||||||||||||| ||spa||
041 _aESP
082 _a341
_bR29
100 _aRaz, Joseph
_eAUT
245 0 _aUna discusión sobre la teoría del derecho
260 _c2007
300 _a120 páginas :
_c21 cm.
650 _aGEN
654 _aCDE
942 _cLIB
_dJUS
_fJUS
_2ddc
_n
999 _c19749
_d19749